| 000 | 00333nam a22001337a 4500 | ||
|---|---|---|---|
| 008 | 250709b |||||||| |||| 00| 0 eng d | ||
| 020 | _a9782461903 | ||
| 050 |
_aHD1055 _b.E36 |
||
| 100 | _aNigerian Economic Summit | ||
| 245 | _aEconomic Action Agenda | ||
| 260 |
_aIbadan _bSpectrum Books Ltd. _c1993 |
||
| 300 | _a127p. | ||
| 942 | _cBK | ||
| 999 |
_c4202 _d4202 |
||